|
|
|
|
| LEADER |
01637nam a2200337 a 4500 |
| 001 |
39170 |
| 003 |
BD-DhAAL |
| 008 |
220720t2012 flua b 001 0 eng d |
| 999 |
|
|
|c 44417
|d 44417
|
| 010 |
|
|
|a 2011044127
|
| 020 |
|
|
|a 9781439883204 (hbk)
|
| 040 |
|
|
|a DLC
|c DLC
|d DLC
|d BD-DhAAL
|
| 042 |
|
|
|a pcc
|
| 050 |
0 |
0 |
|a TK1010
|b .P68 2012
|
| 082 |
0 |
0 |
|a 621.31
|2 23
|
| 245 |
0 |
0 |
|a Power system stability and control /
|c edited by Leonard L. Grigsby.
|
| 250 |
|
|
|a Third edition
|
| 260 |
|
|
|a Boca Raton :
|b Taylor & Francis,
|c c2012.
|
| 300 |
|
|
|a 1 v. (various pagings) :
|b illustrations ;
|c 27 cm.
|
| 504 |
|
|
|a Includes bibliographical references and index.
|
| 526 |
|
|
|a EEE
|
| 541 |
|
|
|a Book Finder International
|e 39170, 39171, 39172
|
| 650 |
|
0 |
|a Electric power system stability.
|9 50034
|
| 650 |
|
0 |
|a Electric power systems
|x Control.
|9 50035
|
| 650 |
|
0 |
|a Electrical engineering.
|9 50036
|
| 700 |
1 |
|
|a Grigsby, Leonard L.
|9 50037
|
| 852 |
|
|
|a Ayesha Abed Library
|c General Stacks
|
| 942 |
|
|
|2 ddc
|c BK
|
| 952 |
|
|
|0 0
|1 0
|2 ddc
|4 0
|6 621_310000000000000_POW
|7 0
|9 71262
|a BRACUL
|b BRACUL
|c GEN
|d 2022-07-18
|e Book Finder International
|g 9834.54
|l 0
|o 621.31 POW
|p 3010039171
|r 2022-07-18
|t 2
|v 9834.54
|w 2022-07-18
|y BK
|
| 952 |
|
|
|0 0
|1 0
|2 ddc
|4 0
|6 621_310000000000000_POW
|7 0
|9 71263
|a BRACUL
|b BRACUL
|c GEN
|d 2022-07-18
|e Book Finder International
|g 9834.54
|l 1
|m 3
|o 621.31 POW
|p 3010039170
|r 2025-09-11
|s 2024-10-24
|t 1
|v 19669.08
|w 2022-07-18
|y BK
|
| 952 |
|
|
|0 0
|1 0
|2 ddc
|4 0
|6 621_310000000000000_POW
|7 0
|9 71264
|a BRACUL
|b BRACUL
|c GEN
|d 2022-07-18
|e Book Finder International
|g 9834.54
|l 1
|m 18
|o 621.31 POW
|p 3010039172
|q 2026-06-02
|r 2026-01-03
|s 2026-01-03
|t 3
|v 9834.54
|w 2022-07-18
|y BK
|